UBT Library

DIAGNOSTIC SONOGRAPHY (Record no. 59045)

000 -LEADER
fixed length control field 00338nam a22001457a 4500
008 - FIXED-LENGTH DATA ELEMENTS--GENERAL INFORMATION
fixed length control field 221130b ||||| |||| 00| 0 eng d
020 ## - INTERNATIONAL STANDARD BOOK NUMBER
International Standard Book Number 9780323073011
041 ## - LANGUAGE CODE
Language code of text/sound track or separate title eng
080 ## - UNIVERSAL DECIMAL CLASSIFICATION NUMBER
Edition identifier SEVENTH EDITION
Universal Decimal Classification number 610.73
082 ## - DEWEY DECIMAL CLASSIFICATION NUMBER
Classification number 610.73ANS
100 ## - Rafti
Rafti 7
101 ## - Shkurtesa
Shkurtesa INF
245 ## - TITLE STATEMENT
Title DIAGNOSTIC SONOGRAPHY
Statement of responsibility, etc ANSERT H.L.S
942 ## - ADDED ENTRY ELEMENTS (KOHA)
Source of classification or shelving scheme
Item type Books
Holdings
Withdrawn status Lost status Source of classification or shelving scheme Damaged status Not for loan Collection code Permanent location Current location Date acquired Total Checkouts Full call number Barcode Date last seen Price effective from Koha item type
          Koleksioni i përgjithshem UBT - Lipjan UBT - Lipjan 11/30/2022   610.73ANS 002-800028700260881 11/30/2022 11/30/2022 Books
          Koleksioni i përgjithshem UBT - Lipjan UBT - Lipjan 12/16/2022   610.73ANS 002-8000287002601129 12/16/2022 12/16/2022 Books
UBT Library © 2015-2024. All rights reserved University Education for Business and Technology